Which of These U.S. Cities is Within...? - Statistics

General Stats
  • This quiz has been taken 103 times
  • The average score is 34 of 60
Answer Stats
Question Tile Select % Correct
cities within 200 miles of Canada Omaha No
96%
cities within 200 miles of Canada Seattle Yes
93%
within 500 miles of California Honolulu No
88%
cities within 100 miles of the Missouri or Mississippi Rivers St. Louis Yes
82%
within 500 miles of California Billings No
80%
within 500 miles of California Cheyenne No
80%
cities within 200 miles of Canada Portland, ME Yes
80%
within 500 miles of California Las Vegas Yes
79%
within 400 miles of Texas Oklahoma City Yes
78%
within 200 miles of the Great Lakes Louisville No
77%
cities within 100 miles of the Missouri or Mississippi Rivers New Orleans Yes
77%
within 400 miles of Texas New Orleans Yes
76%
cities within 200 miles of Canada Albany Yes
75%
within 400 miles of Texas Albuquerque Yes
75%
cities within 100 miles of the Missouri or Mississippi Rivers Chicago No
74%
within 400 miles of Texas Nashville No
73%
within 500 miles of California Phoenix Yes
73%
within 400 miles of Texas St. Louis No
71%
within 500 miles of California Denver No
70%
cities within 200 miles of Canada Fargo Yes
70%
within 200 miles of the Great Lakes Philadelphia No
70%
cities within 200 miles of Canada Cleveland Yes
68%
within 400 miles of Texas Montgomery No
68%
within 500 miles of California Portland Yes
68%
cities within 200 miles of Canada Boise No
66%
within 200 miles of the Great Lakes Des Moines No
66%
cities within 200 miles of Canada New York City No
66%
within 200 miles of the Great Lakes Chicago Yes
65%
cities within 100 miles of the Missouri or Mississippi Rivers Jackson, MS Yes
65%
cities within 100 miles of the Missouri or Mississippi Rivers Nashville No
63%
within 200 miles of the Great Lakes Cleveland Yes
62%
cities within 200 miles of Canada Anchorage No
60%
within 200 miles of the Great Lakes Pittsburgh Yes
60%
cities within 100 miles of the Missouri or Mississippi Rivers Minneapolis Yes
59%
within 200 miles of the Great Lakes Indianapolis Yes
57%
cities within 100 miles of the Missouri or Mississippi Rivers Kansas City Yes
55%
cities within 100 miles of the Missouri or Mississippi Rivers Springfield, IL Yes
55%
within 400 miles of Texas Memphis Yes
54%
within 200 miles of the Great Lakes Minneapolis Yes
54%
cities within 100 miles of the Missouri or Mississippi Rivers Little Rock Yes
53%
cities within 200 miles of Canada Boston Yes
50%
within 200 miles of the Great Lakes Albany Yes
48%
cities within 100 miles of the Missouri or Mississippi Rivers Des Moines No
46%
within 200 miles of the Great Lakes Cincinnati Yes
45%
within 400 miles of Texas Kansas City Yes
42%
cities within 200 miles of Canada Minneapolis No
37%
within 500 miles of California El Paso Yes
36%
within 500 miles of California Seattle Yes
34%
within 500 miles of California Albuquerque Yes
33%
within 400 miles of Texas Phoenix Yes
30%
within 500 miles of California Boise Yes
29%
cities within 100 miles of the Missouri or Mississippi Rivers Topeka Yes
28%
within 400 miles of Texas Colorado Springs Yes
26%
within 200 miles of the Great Lakes Burlington, VT Yes
25%
cities within 200 miles of Canada Portland, OR Yes
25%
within 400 miles of Texas Denver Yes
23%
cities within 100 miles of the Missouri or Mississippi Rivers Madison, WI Yes
23%
within 500 miles of California Spokane Yes
16%
within 200 miles of the Great Lakes St. Louis Yes
13%
within 400 miles of Texas Omaha Yes
11%
No matching quizzes found
Score Distribution
Percent of People with Each Score
Percentile by Number Answered
Your Score History
You have not taken this quiz